000 00748nam a22002537a 4500
008 131105b xxu||||| |||| 00| 0 eng d
020 _a81-203-2264-9
024 _cAvailable
037 _cAvailable
040 _aMBSTU LIBRARY
_dMBSTU LIBRARY
082 _222
_a658.3 DEH
100 _aDessler, Gary.
245 _aHuman resource management.
250 _a9th
260 _aNew Delhi
_bPrentice Hall of India.
_c2003
300 _a26 cm.
_b558 page
_f1
_g26 cm.
600 _2Human resource management
650 _2Human resource management
700 _aDessler, Gary.
270 _aNew Delhi
_bNew Delhi
_dIndia
365 _b354.00
_d354.00
942 _2ddc
_cBK
999 _c787
_d787